| 000 | 00597nam a22001817a 4500 | ||
|---|---|---|---|
| 003 | OSt | ||
| 005 | 20250625030215.0 | ||
| 008 | 250625b |||||||| |||| 00| 0 eng d | ||
| 020 | _a971-8510-702 | ||
| 040 |
_aDWCL - Main lib _cOC |
||
| 082 | _aFil.624.1 B554s 1999 | ||
| 100 | _aBesavilla, Venancio I. Jr. | ||
| 245 |
_aStructural engineering and construction/ _cVenancio I. Besavilla Jr. |
||
| 260 |
_aCebu City: _b VIB Publisher, _cc1999. |
||
| 300 |
_a685 pages : _b illustrations ; _c 22cm. |
||
| 650 | _a1. Structural engineering- problems,exercise etc. | ||
| 942 |
_2ddc _cBK - FIL _kFil. _n0 |
||
| 999 |
_c3268 _d3268 |
||